000 00366 a2200169 4500
001 50215
020 _a8532201466
040 _cAnchieta - Bela Vista
100 _aJosé, Elias
240 1 0 _aVaidade no terreiro
_lpor
245 1 0 _aVaidade no terreiro
300 _a31
362 0 _a1997
440 1 _aFTD
650 4 _aLiteratura infanto-juvenil
942 _cBK
999 _c50215
_d50215